[Event "FRA-chT2 1011"]
[Site "France"]
[Date "2010.11.14"]
[Round "3.3"]
[White "Toulzac, Pierre Yves"]
[Black "Fossier, Francois"]
[Result "1-0"]
[WhiteElo "2248"]
[BlackElo "2241"]
[PlyCount "119"]
[EventDate "2010.10.17"]
[EventType "team-tourn"]
[EventRounds "11"]
[EventCountry "FRA"]
[SourceTitle "EXT 2012"]
[Source "ChessBase"]
[SourceDate "2011.11.24"]
[SourceVersion "1"]
[SourceVersionDate "2011.11.24"]
[SourceQuality "1"]

1. f4 d6 2. g3 e5 3. d3 exf4 4. Bxf4 Ne7 5. Bg5 h6 6. Bd2 d5 7. Bg2 c6 8. e4 dxe4 9. Bxe4 Nd7 10. Qe2 Nf6 11. Bf3 Be6 12. Nc3 Qb6 13. 0-0-0 0-0-0 14. Kb1 Nf5 15. Bg2 Nd4 16. Qf1 Ba3 17. Bc1 Bb4 18. Bd2 Bxc3 19. Bxc3 Nd5 20. Bxd4 Qxd4 21. Ne2 Qb6 22. Bxd5 Rxd5 23. Nc3 Ra5 24. Qf4 Rd8 25. Rde1 Rd4 26. Re4 Rxe4 27. dxe4 Qc7 28. Qd2 Re5 29. a3 Bg4 30. Rf1 Re7 31. Qd4 Bh3 32. Rd1 f6 33. Qxa7 Rd7 34. Rxd7 Qxd7 35. Kc1 Qg4 36. b3 Qg5+ 37. Kb1 Qd2 38. Na4 Qe1+ 39. Kb2 Qxe4 40. Qxb7+ Kxb7 41. Nc5+ Kb6 42. Nxe4 f5 43. Nf2 Bf1 44. Kc3 Kc5 45. Kd2 Kd4 46. c3+ Kd5 47. Ke3 g5 48. c4+ Kd6 49. Nd3 c5 50. Kd2 h5 51. Ke3 Bg2 52. b4 cxb4 53. axb4 Bf1 54. Kd4 Be2 55. b5 Kc7 56. c5 Kb7 57. b6 Kc6 58. Ne5+ Kb7 59. Nf7 g4 60. Nd6+ 1-0

[Event "FRA-chT2 1011"]
[Site "France"]
[Date "2010.11.13"]
[Round "2.3"]
[White "Guilleux, Fabien"]
[Black "Fossier, Francois"]
[Result "1-0"]
[WhiteElo "2390"]
[BlackElo "2241"]
[PlyCount "126"]
[EventDate "2010.10.17"]
[EventType "team-tourn"]
[EventRounds "11"]
[EventCountry "FRA"]
[SourceTitle "EXT 2012"]
[Source "ChessBase"]
[SourceDate "2011.11.24"]
[SourceVersion "1"]
[SourceVersionDate "2011.11.24"]
[SourceQuality "1"]

1. d4 d6 2. e4 Nf6 3. Nc3 c6 4. f4 g6 5. Nf3 Bg7 6. Bd3 0-0 7. 0-0 Bg4 8. Be3 Qb6 9. e5 Nd5 10. Nxd5 cxd5 11. h3 Bxf3 12. Qxf3 Nc6 13. c3 Qxb2 14. Rfc1 Qa3 15. Qxd5 Nb4 16. cxb4 Qxd3 17. Bf2 dxe5 18. fxe5 Rad8 19. Qxb7 Rxd4 20. Qxe7 Rd7 21. Qg5 f6 22. Qg4 f5 23. Qf4 Re8 24. Rc5 Qe2 25. Bg3 Bh6 26. Qc4+ Qxc4 27. Rxc4 Be3+ 28. Kh1 g5 29. Bh2 f4 30. g3 Rd4 31. Rxd4 Bxd4 32. Rd1 Be3 33. gxf4 gxf4 34. Kg2 Rxe5 35. Kf3 Rb5 36. a3 a5 37. Rb1 Bd2 38. Ke2 Be3 39. Kf3 Bd2 40. Ke2 Be3 41. Bg1 axb4 42. axb4 Bxg1 43. Rxg1+ Kf7 44. Rb1 Ke6 45. Kf3 Kf5 46. Rb2 Re5 47. b5 Re3+ 48. Kg2 Rg3+ 49. Kh2 Ke4 50. b6 Rg8 51. b7 Rb8 52. Kg2 Ke3 53. Kf1 Kd4 54. Kf2 Ke5 55. Kf3 Ke6 56. Kxf4 Ke7 57. Kg5 Rg8+ 58. Kh6 Kf8 59. Kxh7 Rg3 60. h4 Rg4 61. h5 Rg5 62. h6 Rg1 63. Rb6 Rd1 1-0

[Event "FRA-chT2 North 0809"]
[Site "France"]
[Date "2009.02.08"]
[Round "7.2"]
[White "Houriez, Clement"]
[Black "Fossier, Francois"]
[Result "1-0"]
[WhiteElo "2261"]
[BlackElo "2264"]
[PlyCount "75"]
[EventDate "2008.10.19"]
[EventType "team-tourn"]
[EventRounds "11"]
[EventCountry "FRA"]
[SourceTitle "EXT 2010"]
[Source "ChessBase"]
[SourceDate "2010.11.25"]
[SourceVersion "1"]
[SourceVersionDate "2010.11.25"]
[SourceQuality "1"]
[WhiteTeam "Fenain Hornaing"]
[BlackTeam "Henin Beaumont"]
[WhiteTeamCountry "FRA"]
[BlackTeamCountry "FRA"]

1. d4 d6 2. e4 Nf6 3. Nc3 e5 4. Nf3 exd4 5. Nxd4 Be7 6. Be2 0-0 7. 0-0 c5 8. Nb3 Nc6 9. f4 Re8 10. Bf3 Bf8 11. Re1 c4 12. Nd4 d5 13. Nxc6 bxc6 14. e5 Nd7 15. Kh1 Rb8 16. Ne2 Nb6 17. b3 c5 18. Ng3 f6 19. Bd2 fxe5 20. fxe5 Be6 21. Ba5 cxb3 22. axb3 Qd7 23. Ne2 d4 24. Nf4 Nd5 25. Nxe6 Qxe6 26. Bd2 Rbd8 27. Qe2 Kh8 28. Rxa7 Nb4 29. Bg5 d3 30. cxd3 Rxd3 31. Bh5 Rb8 32. Bf7 Qf5 33. Bh4 Nc6 34. Rc7 Nd4 35. Qf2 Rdxb3 36. Bxb3 Qxf2 37. Bxf2 Nxb3 38. e6 1-0

[Event "FRA-chT2 North 0809"]
[Site "France"]
[Date "2008.12.14"]
[Round "4.2"]
[White "Fossier, Francois"]
[Black "Saiboulatov, Danial"]
[Result "0-1"]
[WhiteElo "2264"]
[BlackElo "2370"]
[PlyCount "141"]
[EventDate "2008.10.19"]
[EventType "team-tourn"]
[EventRounds "11"]
[EventCountry "FRA"]
[SourceTitle "EXT 2010"]
[Source "ChessBase"]
[SourceDate "2010.11.25"]
[SourceVersion "1"]
[SourceVersionDate "2010.11.25"]
[SourceQuality "1"]
[WhiteTeam "Henin Beaumont"]
[BlackTeam "Arras"]
[WhiteTeamCountry "FRA"]
[BlackTeamCountry "FRA"]

1. d4 e6 2. g3 c5 3. Nf3 b6 4. Bg2 Bb7 5. 0-0 Be7 6. c3 d6 7. Nbd2 Nf6 8. Re1 cxd4 9. Nxd4 Bxg2 10. Kxg2 0-0 11. e4 Qc8 12. Qe2 Nbd7 13. f3 Re8 14. a4 a6 15. a5 b5 16. c4 bxc4 17. Nxc4 d5 18. Nd2 dxe4 19. Nxe4 Nxe4 20. Qxe4 Bb4 21. Rd1 Nf6 22. Qe2 e5 23. Nc2 Bf8 24. Bg5 e4 25. Nd4 exf3+ 26. Qxf3 Ne4 27. Be3 Rb8 28. b3 Rb7 29. Rac1 Rc7 30. Bf4 Rxc1 31. Rxc1 Qd7 32. Ne2 Nd2 33. Rd1 Nxf3 34. Rxd7 Ne5 35. Bxe5 Rxe5 36. Nf4 Rxa5 37. Nd5 g5 38. Nf6+ Kg7 39. Ne8+ Kg6 40. Ra7 Ra3 41. g4 Bc5 42. Rc7 Bd4 43. Rd7 Be5 44. Rb7 Ra2+ 45. Kf3 Rxh2 46. Rb6+ f6 47. Rb7 h5 48. Rg7+ Kh6 49. gxh5 Rh4 50. Ra7 Kxh5 51. Rxa6 Kg6 52. Ra7 Rb4 53. Ng7 g4+ 54. Kg2 Rxb3 55. Ne6 Rb2+ 56. Kh1 g3 57. Ra4 Rd2 58. Rg4+ Kf7 59. Nf4 Bxf4 60. Rxf4 Ke6 61. Rf3 g2+ 62. Kg1 Ke5 63. Re3+ Kf4 64. Ra3 f5 65. Rh3 Re2 66. Ra3 Kg4 67. Ra4+ Kf3 68. Kh2 f4 69. Rb4 Re8 70. Rb3+ Kf2 71. Rb2+ 0-1

[Event "FRA-chT2 Nord 0708"]
[Site "France"]
[Date "2008.01.19"]
[Round "5.4"]
[White "De Marchi, Olivier"]
[Black "Fossier, Francois"]
[Result "1/2-1/2"]
[WhiteElo "2213"]
[BlackElo "2245"]
[PlyCount "67"]
[EventDate "2007.10.21"]
[EventType "team"]
[EventRounds "11"]
[EventCountry "FRA"]
[SourceTitle "EXT 2009"]
[Source "ChessBase"]
[SourceDate "2008.11.26"]
[SourceVersion "1"]
[SourceVersionDate "2008.11.26"]
[SourceQuality "1"]
[WhiteTeam "Club 608"]
[BlackTeam "Henin Beaumont"]
[WhiteTeamCountry "FRA"]
[BlackTeamCountry "FRA"]

1. d4 d6 2. c4 e5 3. Nf3 e4 4. Ng5 f5 5. g3 Be7 6. Nh3 Nf6 7. Bg2 0-0 8. 0-0 c5 9. d5 Nbd7 10. Nc3 Ne5 11. b3 Ne8 12. f3 exf3 13. exf3 Bf6 14. Bb2 Nc7 15. Nf2 Bd7 16. a4 b6 17. f4 Nf7 18. Nd3 Bd4+ 19. Kh1 Qf6 20. Qd2 a6 21. b4 Rfe8 22. b5 a5 23. Rae1 h5 24. h4 Qg6 25. Kh2 Nh6 26. Bf3 Rxe1 27. Rxe1 Ne8 28. Nf2 Nf6 29. Ncd1 Bxb2 30. Qxb2 Re8 31. Rxe8+ Qxe8 32. Qe2 Nhg4+ 33. Kg2 g6 34. Qxe8+ 1/2-1/2

[Event "FRA-chT2 Nord 0708"]
[Site "France"]
[Date "2007.11.25"]
[Round "3.3"]
[White "Fossier, Francois"]
[Black "Bertrand, Xavier"]
[Result "1/2-1/2"]
[WhiteElo "2260"]
[BlackElo "2107"]
[PlyCount "141"]
[EventDate "2007.10.21"]
[EventType "team"]
[EventRounds "11"]
[EventCountry "FRA"]
[SourceTitle "EXT 2009"]
[Source "ChessBase"]
[SourceDate "2008.11.26"]
[SourceVersion "1"]
[SourceVersionDate "2008.11.26"]
[SourceQuality "1"]
[WhiteTeam "Henin Beaumont"]
[BlackTeam "Neuville en Ferrain"]
[WhiteTeamCountry "FRA"]
[BlackTeamCountry "FRA"]

1. d4 d5 2. Nf3 e6 3. e3 Nf6 4. Bd3 c5 5. b3 Qc7 6. 0-0 Nbd7 7. Bb2 Bd6 8. c4 dxc4 9. bxc4 0-0 10. Nbd2 b6 11. d5 Bb7 12. e4 Rae8 13. Re1 e5 14. Nf1 Nh5 15. Bc2 Ndf6 16. g3 Bc8 17. Nh4 g6 18. Bc1 Ng7 19. Ba4 Bd7 20. Bg5 Bxa4 21. Qxa4 Nd7 22. Rad1 f6 23. Bh6 Rf7 24. Bxg7 Kxg7 25. Ne3 Rd8 26. Rd2 Nb8 27. Rb1 Qc8 28. Qc2 Na6 29. a3 Nc7 30. Kg2 Ne8 31. a4 Kg8 32. h3 Bf8 33. a5 bxa5 34. Rb5 Nd6 35. Rxa5 Rb7 36. Qd3 Qc7 37. Rda2 Rdb8 38. R5a3 Qf7 39. Nf3 Bh6 40. Ng4 Bg7 41. Ra6 Qe7 42. Nd2 h5 43. Ne3 Bh6 44. Qa3 Bxe3 45. Qxe3 Ne8 46. d6 Nxd6 47. Qxc5 Ne8 48. Qxe7 Rxe7 49. Rxa7 Rxa7 50. Rxa7 Rd8 51. Ra2 Kf7 52. Kf1 Ke6 53. Ra6+ Rd6 54. Rxd6+ Kxd6 55. Ke2 f5 56. Kd3 Nf6 57. f4 Nd7 58. Nb3 h4 59. gxh4 exf4 60. exf5 gxf5 61. Kd4 Ne5 62. c5+ Ke6 63. Nd2 f3 64. Ke3 f2 65. Kxf2 Nd3+ 66. Ke3 Nxc5 67. Kf4 Kf6 68. Nf3 Ne6+ 69. Kg3 Kg6 70. Ne5+ Kh5 71. Nd3 1/2-1/2

[Event "FRA-chT2 Nord 0708"]
[Site "France"]
[Date "2007.10.21"]
[Round "1.2"]
[White "Fossier, Francois"]
[Black "Therkildsen, Thomas"]
[Result "0-1"]
[WhiteElo "2260"]
[BlackElo "2298"]
[PlyCount "68"]
[EventDate "2007.10.21"]
[EventType "team"]
[EventRounds "11"]
[EventCountry "FRA"]
[SourceTitle "EXT 2009"]
[Source "ChessBase"]
[SourceDate "2008.11.26"]
[SourceVersion "1"]
[SourceVersionDate "2008.11.26"]
[SourceQuality "1"]
[WhiteTeam "Henin Beaumont"]
[BlackTeam "Le Touquet"]
[WhiteTeamCountry "FRA"]
[BlackTeamCountry "FRA"]

1. d4 Nf6 2. Nf3 e6 3. e3 b6 4. Bd3 Bb7 5. 0-0 Be7 6. c4 0-0 7. Nc3 d5 8. cxd5 exd5 9. b3 Nbd7 10. Bb2 Re8 11. Qc2 a6 12. Ne5 Bd6 13. f4 Nf8 14. Rae1 c5 15. dxc5 Bxc5 16. Na4 Bb4 17. Rd1 Rc8 18. Qb1 b5 19. a3 Bd6 20. Nc3 Qb6 21. Kh1 Bxe5 22. fxe5 Ng4 23. Bf5 Nxe3 24. Bxc8 Rxc8 25. Ne2 Nxd1 26. Qxd1 Qc7 27. Nf4 Qc2 28. Qd4 Qf5 29. Kg1 Ne6 30. Nxd5 Nxd4 31. Ne7+ Kf8 32. Nxf5 Ne2+ 33. Kh1 Rc2 34. Nd6 Ng3+ 0-1

[Event "FRA-chT2 North 0607"]
[Site "France"]
[Date "2006.11.25"]
[Round "2.3"]
[White "Fossier, Francois"]
[Black "Blery, Gilles"]
[Result "1-0"]
[WhiteElo "2234"]
[BlackElo "2114"]
[PlyCount "39"]
[EventDate "2006.10.15"]
[EventType "team"]
[EventRounds "11"]
[EventCountry "FRA"]
[SourceTitle "EXT 2008"]
[Source "ChessBase"]
[SourceDate "2007.11.25"]
[SourceVersion "1"]
[SourceVersionDate "2007.11.25"]
[SourceQuality "1"]
[WhiteTeam "Henin Beaumont"]
[BlackTeam "Rosny sous Bois"]
[WhiteTeamCountry "FRA"]
[BlackTeamCountry "FRA"]

1. d4 Nf6 2. Nf3 g6 3. Nc3 d5 4. Bf4 Bg7 5. e3 0-0 6. Be2 a6 7. Ne5 Be6 8. h4 h6 9. g4 Nfd7 10. g5 hxg5 11. hxg5 Nxe5 12. Bxe5 Bxe5 13. dxe5 Nc6 14. Bg4 d4 15. Qf3 Kg7 16. 0-0-0 Nxe5 17. Rh7+ Kxh7 18. Qh3+ Kg7 19. Qh6+ Kg8 20. Rh1 1-0

[Event "FRA-chT2 North 0607"]
[Site "France"]
[Date "2006.10.15"]
[Round "1.2"]
[White "Fossier, Francois"]
[Black "Marcantoni, Herve"]
[Result "1/2-1/2"]
[WhiteElo "2234"]
[BlackElo "2233"]
[PlyCount "51"]
[EventDate "2006.10.15"]
[EventType "team"]
[EventRounds "11"]
[EventCountry "FRA"]
[SourceTitle "EXT 2008"]
[Source "ChessBase"]
[SourceDate "2007.11.25"]
[SourceVersion "1"]
[SourceVersionDate "2007.11.25"]
[SourceQuality "1"]
[WhiteTeam "Henin Beaumont"]
[BlackTeam "Cergy Pontoise"]
[WhiteTeamCountry "FRA"]
[BlackTeamCountry "FRA"]

1. d4 d6 2. e4 Nf6 3. Nc3 g6 4. Be3 c6 5. Qd2 b5 6. Bd3 e5 7. Nf3 Nbd7 8. h3 Bb7 9. dxe5 dxe5 10. 0-0 Bg7 11. a4 b4 12. Ne2 c5 13. Ng3 0-0 14. Bh6 Qc7 15. b3 Rfe8 16. Bxg7 Kxg7 17. Qg5 Ng8 18. h4 f6 19. Qe3 Nf8 20. Bc4 Ne6 21. Bxe6 Rxe6 22. Rfd1 Rd6 23. Ne1 Rd4 24. Nf3 Rd6 25. Ne1 Rd4 26. Nf3 1/2-1/2

[Event "FRA-chT2 0304"]
[Site "France"]
[Date "2004.04.03"]
[Round "10"]
[White "Fossier, Francois"]
[Black "Shoker, Samy"]
[Result "0-1"]
[WhiteElo "2239"]
[BlackElo "2277"]
[PlyCount "82"]
[EventDate "2003.10.??"]
[EventType "team"]
[EventRounds "11"]
[EventCountry "FRA"]
[SourceTitle "EXT 2005"]
[Source "ChessBase"]
[SourceDate "2004.11.15"]
[SourceVersion "1"]
[SourceVersionDate "2004.11.15"]
[SourceQuality "1"]

1. d4 g6 2. e4 Bg7 3. Nc3 d6 4. Be3 a6 5. Qd2 Nd7 6. Nf3 b5 7. a4 b4 8. Ne2 Bb7 9. Ng3 Ngf6 10. Bc4 d5 11. exd5 Nb6 12. Be2 h5 13. Bg5 Qxd5 14. a5 Nbd7 15. Qxb4 Rb8 16. Bc4 Qd6 17. Qxd6 cxd6 18. 0-0-0 Ng4 19. Rhe1 f6 20. Be3 h4 21. Ne2 h3 22. gxh3 Nxe3 23. fxe3 Bxf3 24. Bxa6 f5 25. Rg1 Bh5 26. Rde1 Ra8 27. Bc4 Rxa5 28. Nf4 Nf8 29. Kd2 e5 30. b4 Ra7 31. Nd5 Bf3 32. Rg3 Be4 33. b5 exd4 34. exd4 Bxd4 35. b6 Rb7 36. Ra3 Rb8 37. c3 Rxh3 38. Ra7 Rxh2+ 39. Kc1 Bxb6 40. Nf6+ Kd8 41. Rf7 Be3+ 0-1

[Event "FRA-chT2 0304"]
[Site "France"]
[Date "2003.10.12"]
[Round "1"]
[White "Fossier, Francois"]
[Black "Sclacmender, Julien"]
[Result "1-0"]
[WhiteElo "2239"]
[BlackElo "2274"]
[PlyCount "130"]
[EventDate "2003.10.??"]
[EventType "team"]
[EventRounds "11"]
[EventCountry "FRA"]
[SourceTitle "EXT 2005"]
[Source "ChessBase"]
[SourceDate "2004.11.15"]
[SourceVersion "1"]
[SourceVersionDate "2004.11.15"]
[SourceQuality "1"]

1. d4 Nf6 2. Nf3 g6 3. Nc3 c5 4. Bg5 Bg7 5. Bxf6 Bxf6 6. Ne4 Qb6 7. Nxf6+ Qxf6 8. c3 d6 9. e4 0-0 10. Qd2 Bg4 11. Qg5 Qxg5 12. Nxg5 h6 13. h3 hxg5 14. hxg4 cxd4 15. cxd4 e5 16. dxe5 dxe5 17. Bb5 a6 18. Ba4 b5 19. Bb3 Nc6 20. Bd5 Rac8 21. Kd2 Nb4 22. Rhc1 Rcd8 23. Rc5 Rd7 24. Kc3 Nxd5+ 25. Rxd5 Rc8+ 26. Kb3 Rxd5 27. exd5 Rc4 28. Rd1 Kf8 29. d6 Ke8 30. Rd5 f6 31. d7+ Kd8 32. Rd6 f5 33. Rxg6 Rxg4 34. g3 a5 35. Rg7 e4 36. Kc3 e3 37. fxe3 Rxg3 38. Kd4 Rg1 39. Kc5 Re1 40. Kd6 Rd1+ 41. Ke6 Kc7 42. Kxf5 g4 43. e4 Rd2 44. Ke6 Rd6+ 45. Ke5 Rd2 46. Ke6 Rd6+ 47. Kf5 Rd2 48. e5 Rf2+ 49. Ke6 Rd2 50. b3 b4 51. Rxg4 Rxd7 52. Rc4+ Kd8 53. Rc5 Ra7 54. Kd6 a4 55. e6 axb3 56. axb3 Re7 57. Ke5 Rh7 58. Rc4 Rb7 59. Rh4 Rb8 60. Rh8+ Ke7 61. Rh7+ Kf8 62. Kf6 Kg8 63. Rg7+ Kh8 64. Rg4 Rb6 65. Kf7 Rb5 1-0

[Event "FRA-chT3 Gr8 0203"]
[Site "France"]
[Date "2002.10.13"]
[Round "1"]
[White "Debailleul, Pierre"]
[Black "Fossier, Francois"]
[Result "0-1"]
[WhiteElo "1930"]
[BlackElo "2196"]
[PlyCount "70"]
[EventDate "2002.10.??"]
[EventType "team"]
[EventRounds "9"]
[EventCountry "FRA"]
[SourceTitle "EXT 2005"]
[Source "ChessBase"]
[SourceDate "2004.11.15"]
[SourceVersion "1"]
[SourceVersionDate "2004.11.15"]
[SourceQuality "1"]

1. Nf3 g6 2. g3 Bg7 3. Bg2 e5 4. d3 Ne7 5. e4 c6 6. 0-0 0-0 7. Re1 d6 8. c3 h6 9. Qc2 Be6 10. d4 Nd7 11. Be3 Qc7 12. Qd2 Kh7 13. h3 Rad8 14. dxe5 dxe5 15. Qc2 c5 16. a4 c4 17. Na3 a6 18. Bf1 f5 19. Bg5 Nc5 20. Bxe7 Qxe7 21. Nxc4 fxe4 22. Nfxe5 Bxe5 23. Nxe5 Bb3 24. Nxg6 Kxg6 25. Qe2 e3 26. f4 Kh7 27. Ra3 Qd7 28. Qf3 Bd5 29. Qxe3 Rfe8 30. Qf2 Rxe1 31. Qxe1 Re8 32. Qf2 Ne4 33. Bd3 Qd6 34. Qf3 Qb6+ 35. Qf2 Qxf2+ 0-1